000 00993nam a22002775i 4500
001 11723
003 ES-MaACL
005 20230906150148.0
007 t|
008 950710s1994 sp ||||0| spa j
020 _a84-369-2534-3
040 _aM-BN
_bspa
_cM-BN
080 _a37 Cossío, Manuel B
100 1 _aOtero Urtaza, Eugenio Manuel.
_987922
245 1 0 _aManuel Bartolomé Cossío
_b: pensamiento pedagógico y acción educativa /
_cEugenio Otero Urtaza.
260 _a[Madrid] :
_bMinisterio de Educación y Ciencia, Centro de Publicaciones,
_cD.L. 1994.
300 _a349 p ;
_c22 cm.
490 1 _aInvestigación ;
_vn. 94
500 _aEd. parcial de la tesis doctoral del autor.
504 _aBibliografía: p. 309-331.
600 1 4 _aCossío, Manuel B.,
_d1857-1935
_941019
710 1 _aEspaña.
_bMinisterio de Educación y Ciencia.
_93864
830 0 _aInvestigación ;
_vn. 94
_9179198
852 _aES-MaACL
_jL-19054
_bR.123769
999 _c11723
_d11723